000 00439nam a2200181Ia 4500
001 2197
005 20260306143824.0
008 260306t2016||||xx |||||||||||||| ||spa||
041 _aESP
082 _a616.042
_bS29
100 _aSchaefer, G. Bradley,
_eAUT
245 0 _aGenética médica :
_bun enfoque integrado
260 _c2016
300 _a372 páginas :
_c28 cm.
650 _aGEN
654 _aCCS
942 _cLIB
_dJUS
_fJUS
_2ddc
_n
999 _c2197
_d2197